Diccionario histórico-político de Euskal Herria /

Disimpan dalam:
Butiran Bibliografi
Pengarang Utama: Egaña, Iñaki.
Format: Buku
Bahasa:Spanish
Diterbitkan: Tafalla, Nafarroa [Spain] : Txalaparta, 1996.
Edisi:1. ed.
Siri:Orreaga ; 34-35.
Subjek-subjek:
Penanda-penanda: Tambah Penanda
Tiada Penanda, Jadilah orang pertama menanda rekod ini!
LEADER 01154cam a2200337 a 4500
001 007977832-1
005 20020606104010.5
008 970320s1996 sp d 000 0 spa
010 |a  97130081 //r97 
020 |a 8481360414 
020 |a 8481360392 
035 0 |a ocm36767642 
040 |a DLC  |c DLC  |d DLC 
043 |a e-sp--- 
050 0 0 |a DP302.B44  |b E34 1996 
082 0 0 |a 946/.6  |2 21 
100 1 |a Egaña, Iñaki. 
245 1 0 |a Diccionario histórico-político de Euskal Herria /  |c [Iñaki Egaña]. 
246 1 8 |a Diccionario de Euskal Herria 
250 |a 1. ed. 
260 |a Tafalla, Nafarroa [Spain] :  |b Txalaparta,  |c 1996. 
300 |a 760 p. ;  |c 22 cm. 
490 1 |a Orreaga ;  |v 34-35 
651 0 |a País Vasco (Spain)  |x History  |v Dictionaries  |x Spanish. 
651 0 |a País Vasco (Spain)  |x Politics and government  |v Dictionaries  |x Spanish. 
655 7 |a Dictionaries.  |2 fast 
655 7 |a History.  |2 fast 
776 0 8 |i Online version:  |a Egaña, Iñaki.  |t Diccionario histórico-político de Euskal Herria.  |b 1. ed.  |d Tafalla, Nafarroa [Spain] : Txalaparta, 1996  |w (OCoLC)606330476 
830 0 |a Orreaga ;  |v 34-35. 
988 |a 20020608 
906 |0 DLC